Electric Power Engineering Research and Education (Registro nro. 235086)
[ vista simple ]
| 000 -LEADER | |
|---|---|
| campo de control de longitud fija | 00693nam a2200229Ia 4500 |
| 005 - FECHA Y HORA DE LA ÚLTIMA TRANSACCIÓN | |
| campo de control | 20250425162723.0 |
| 008 - DATOS DE LONGITUD FIJA--INFORMACIÓN GENERAL | |
| campo de control de longitud fija | 250425s9999 xx 000 0 und d |
| 020 ## - NÚMERO INTERNACIONAL ESTÁNDAR DEL LIBRO | |
| Número Internacional Estándar del Libro | 9783319171890 |
| 041 ## - CÓDIGO DE IDIOMA | |
| Código de lengua del texto/banda sonora o título independiente | eng |
| 043 ## - CÓDIGO DE ÁREA GEOGRÁFICA | |
| Código de área geográfica | sz |
| 082 ## - NÚMERO DE LA CLASIFICACIÓN DECIMAL DEWEY | |
| Número de clasificación | 621.31 |
| Iniciales del Autor | KYR |
| 010 ## - NÚMERO DE CONTROL DE LA BIBLIOTECA DEL CONGRESO | |
| Número de control de LC | 102758 |
| 100 ## - ENTRADA PRINCIPAL--NOMBRE DE PERSONA | |
| Nombre de persona | Kyriakides, Elias |
| 245 #0 - MENCIÓN DEL TÍTULO | |
| Título | Electric Power Engineering Research and Education |
| Mención de responsabilidad, etc. | Elias Kyriakides, Siddharth Suryanarayanan, Vijay Vittal |
| 260 ## - PUBLICACIÓN, DISTRIBUCIÓN, ETC. | |
| Lugar de publicación, distribución, etc. | Suiza |
| Nombre del editor, distribuidor, etc. | Springer |
| Fecha de publicación, distribución, etc. | 2015 |
| 300 ## - DESCRIPCIÓN FÍSICA | |
| Extensión | 253 p. |
| Otras características físicas | Ilustrado |
| Dimensiones | 24 cm |
| 500 ## - NOTA GENERAL | |
| Nota general | Incluye Tabla de contenido, bibliografia |
| 650 ## - PUNTO DE ACCESO ADICIONAL DE MATERIA--TÉRMINO DE MATERIA | |
| Término de materia o nombre geográfico como elemento de entrada | Ingenieria electrica |
| 650 ## - PUNTO DE ACCESO ADICIONAL DE MATERIA--TÉRMINO DE MATERIA | |
| Término de materia o nombre geográfico como elemento de entrada | Sistemas de energia electrica |
| 902 ## - ELEMENTOS DE DATOS B LOCAL, LDB (RLIN) | |
| a | Monográfico |
| c | Impreso |
| 942 ## - ELEMENTOS DE ENTRADA SECUNDARIOS (KOHA) | |
| Tipo de ítem Koha | Libros |
| Estatus retirado | Estado de pérdida | Estado de daño | No para préstamo | Biblioteca de origen | Biblioteca actual | Fecha de adquisición | Coste, precio normal de compra | Etiqueta RFID | Total de préstamos | Código de barras | Copia número | Tipo de ítem Koha |
|---|---|---|---|---|---|---|---|---|---|---|---|---|
| CENTRO DE INFORMACIÓN BIBLIOTECARIA | CENTRO DE INFORMACIÓN BIBLIOTECARIA | 23/05/2017 | 145.00 | 0000000000000000037169 | 68341 | 1 | Libros | |||||
| CENTRO DE INFORMACIÓN BIBLIOTECARIA | CENTRO DE INFORMACIÓN BIBLIOTECARIA | 23/05/2017 | 145.00 | 0000000000000000037168 | 68342 | 2 | Libros |